Statistics for Most Populated Country Beginning with the Letters of JETPUNK

Click here to take the quiz!

General Stats

  • This quiz has been taken 401 times
  • The average score is 6 of 7

Answer Stats

Country% Correct
Japan
96%
United States
88%
Ethiopia
81%
Turkey
76%
Nigeria
75%
Kenya
74%
Pakistan
73%

Score Distribution

Percentile by Number Answered

Percent of People with Each Score

Your Score History

You have not taken this quiz